000 00267nam a22001097a 4500
999 _c4597
_d4597
008 250304b ||||| |||| 00| 0 eng d
020 _a9780753405208
082 _aFIC CHA
100 _aCHARMAN,ANDREW
_eAUTHOR
245 _aI WONDER WHY
_bTREES HAVE LEAVES
942 _2ddc